Szczegóły MARC21

Open wounds : a native American heritage /

003 -Nazwa inst., której nr kontr. jest w polu 001 [,]
    • @
    • Nazwa instytucji, której n kontrolny jest w polu 001
    • NUKAT
005 -DATA I CZAS OSTATNIEJ MODYFIKACJI [,]
    • @
    • pole kontrolne
    • 20241231095549.0
020 -Międzynarod. znormalizowany nr książki - ISBN [ , ]
    • a
    • Numer ISBN
    • 9780982142752 Find
040 -Instytucja sporządzająca opis [ , ]
    • a
    • Instytucja, która sporządziła opis (NP)
    • GD U/Iza
    • c
    • Instytucja, która sporządziła rekord (NP)
    • GD U/Izas
041 -Język dokumentu [1, ]
    • a
    • Język tekstu (P)
    • angielski
    • h
    • Język tekstu oryginalnego i/lub pośredniego (P)
    • polski
942 -Rodzaj dokumentu [ , ]
    • c
    • Rodzaj dokumentu
    • Książka
100 -Hasło główne - nazwa osobowa [1, ]
    • a
    • Nazwa osobowa (NP)
    • Ziółkowska-Boehm, Aleksandra
    • d
    • Daty biograficzne (NP)
    • (1949- ).
    • 9
    • KHW
    • 25544
240 -Tytuł ujednolicony [1,0]
    • a
    • Tytuł ujednolicony
    • Otwarta rana Ameryki
    • l
    • Język tekstu
    • (ang.)
    • 9
    • KHW
    • 45168
245 -Strefa tytułu i oznaczenia odpowiedzialności [1,0]
    • a
    • Tytuł
    • Open wounds : Find
    • b
    • Ciąg dalszy tytułu (NP)
    • a native American heritage / Find
    • c
    • Pozostałe elementy strefy tytułu i oznaczenia odpowiedzialności (NP)
    • Aleksandra Ziolkowska-Boehm.
260 -Strefa adresu wydawniczego [ , ]
    • a
    • Miejsce wydania (P)
    • Pierpont :
    • b
    • Nazwa wydawcy (P)
    • Nemsi Books,
    • c
    • Data wydania (P)
    • 2009.
300 -Strefa opisu fizycznego [ , ]
    • a
    • Określenie formy książki i/lub objętość (NP)
    • [2], X, 325 s. :
    • b
    • Oznaczenie ilustracji (NP)
    • il. ;
    • c
    • Format (NP)
    • 23 cm.
336 -Typ zawartości [ , ]
    • a
    • Termin opisujący typ zawartości
    • Tekst
    • b
    • Kod określający zawartość
    • txt
    • 2
    • Źródło (terminu i kodu)
    • rdacontent
337 -Typ mediów [ , ]
    • a
    • Tryb odtwarzania
    • Bez urządzenia pośredniczącego
    • b
    • Kod typu mediów
    • n
    • 2
    • Źródło (terminu i kodu)
    • rdamedia
338 -Typ/rodzaj nośnika [ , ]
    • a
    • Hasło opisujące typ nośnika
    • Wolumin
    • b
    • Kod typu nośnika
    • nc
    • 2
    • Źródło (terminu i kodu)
    • rdacarrier
504 -Uwaga dot. bibliogr. załącznikowej [ , ]
    • a
    • Uwaga dot. bibliografii załącznikowej
    • Bibliogr. s. 309-315. Indeks.
546 -Uwaga dot. języka [ , ]
    • a
    • Uwaga dot. języka
    • Tekst tł. z pol.
080 -Uniwersalna Klasyfikacja Dziesiętna [ , ]
    • 2
    • Identyfikator wydania tablic
    • UDC-P058
    • 9
    • UKD
    • 7179
    • a
    • Symbol klasyfikacji
    • 94(7=81/=82)
    • b
    • Dopowiedzenie
    • Historia Indian Ameryki Północnej.
    • 4
    • UKD2
    • 7644
    • x
    • Poddział wspólny
    • =111
    • c
    • Dopowiedzenie poddz. wspólnego
    • =Język angielski.
    • 4
    • UKD2
    • 12905
    • x
    • Poddział wspólny
    • (047)
    • c
    • Dopowiedzenie poddz. wspólnego
    • (Sprawozdania. Informacje o wydarzeniach. Reportaże).
080 -Uniwersalna Klasyfikacja Dziesiętna [ , ]
    • 2
    • Identyfikator wydania tablic
    • UDC-P058
    • 9
    • UKD
    • 3967
    • a
    • Symbol klasyfikacji
    • 39
    • b
    • Dopowiedzenie
    • Etnologia. Etnografia. Zwyczaje i obyczaje. Folklor.
    • 4
    • UKD2
    • 7644
    • x
    • Poddział wspólny
    • =111
    • c
    • Dopowiedzenie poddz. wspólnego
    • =Język angielski.
    • 4
    • UKD2
    • 12905
    • x
    • Poddział wspólny
    • (047)
    • c
    • Dopowiedzenie poddz. wspólnego
    • (Sprawozdania. Informacje o wydarzeniach. Reportaże).
    • 4
    • UKD2
    • 44228
    • x
    • Poddział wspólny
    • (=81/=82)
    • c
    • Dopowiedzenie poddz. wspólnego
    • (Indianie Ameryki Północnej).
650 -Hasło przedmiotowe [ ,7]
    • a
    • Hasło przedmiotowe
    • Indianie
    • z
    • Określnik geograficzny
    • Stany Zjednoczone.
    • 2
    • Źródło terminu
    • kaba
    • 9
    • KHW
    • 111892
650 -Hasło przedmiotowe [ ,7]
    • a
    • Hasło przedmiotowe
    • Indianie
    • z
    • Określnik geograficzny
    • Ameryka Północna
    • x
    • Określnik rzeczowy
    • obyczaje i zwyczaje.
    • 2
    • Źródło terminu
    • kaba
    • 9
    • KHW
    • 361771
650 -Hasło przedmiotowe [ ,7]
    • a
    • Hasło przedmiotowe
    • Indianie
    • z
    • Określnik geograficzny
    • Ameryka Północna
    • x
    • Określnik rzeczowy
    • sytuacja społeczna.
    • 2
    • Źródło terminu
    • kaba
    • 9
    • KHW
    • 361773
650 -Hasło przedmiotowe [ ,7]
    • a
    • Hasło przedmiotowe
    • Indianie
    • z
    • Określnik geograficzny
    • Ameryka Północna
    • v
    • Określnik formalny
    • rozmowy.
    • 2
    • Źródło terminu
    • kaba
    • 9
    • KHW
    • 361772
980 -Symbol UKD [ , ]
    • a
    • UKD
    • 94(7=81/=82):39(=81/=82)](047)=111
920 -ISBN [ , ]
    • a
    • ISBN
    • 978-0-9821427-5-2 Find
Lokalizacja Data inwentaryzacji Status udost. Numer inwentarzowy Sygnatura
BM2011-01-311A.8783ANG. Kultura Stanów Zjedn. 086